| 000 | 00733cam a22001814a 4500 | ||
|---|---|---|---|
| 005 | 20250605163343.0 | ||
| 008 | 250528s ||||||||||||||||||||||||d | ||
| 035 | _a17457 | ||
| 020 | _a9608910420 | ||
| 040 |
_aGR-AtMCL _bgre _dGR-AtMCL _eAACR2 |
||
| 245 | 1 | _aModigliani / ArtBook | |
| 260 |
_bElecta - Ημερησία, _c2005 |
||
| 300 | _a146 | ||
| 520 | _a1884-1906 - Τοσκανικές Ρίζες, 1907-1910 - Μια Ύπαρξη στο Περιθώριο, 1911-1914 - Μποεμική Ζωή, 1915-1917 - Πορτρέτα και Γυμνά, 1918-1919 - Ο Εργάτης της Τέχνης, 1919-1920 - Η Γέννηση ενός Μύθου, Ευρετήριο. | ||
| 942 | _cBK | ||
| 999 |
_c2873 _d2873 |
||